=LDR 00000nam 2200000 4500 =001 INLIS000000000020612 =005 20221101104341 =035 ##$$a 0010-061300000020612 =008 221101################g##########0#ind## =041 ##$$a Ind =082 ##$$a 028.5 =090 ##$$a 028.5, Jen j =100 ##$$a Jennings, Paul =245 1#$$a Agar anak anda tertular "virus" membaca /$c Paul Jennings ; penerjemah, Ary Nilandari =260 ##$$a Bandung :$b Mizan Learning Center (MCL),$c 2006 =300 ##$$a 272 hlm, : $b ilus ; $c 24 x 15 cm. =650 #4$$a Membaca =850 ##$$a NBPNMAT =020 ##$$a 979-3611-45-6 =084 ##$$a 028.5 JEN a =250 ##$$a cet.1 =700 #$$a Ary Nilandari =990 ##$$a 30617035